Identidad nacional, soberanía y territorio nacional /
Furkejuvvon:
| Váldodahkki: | |
|---|---|
| Materiálatiipa: | Texto |
| Fáttát: | |
| Fáddágilkorat: |
Lasit fáddágilkoriid
Eai fáddágilkorat, Lasit vuosttaš fáddágilkora!
|
MARC
| LEADER | 00000 a a2200000 04500 | ||
|---|---|---|---|
| 001 | 16175 | ||
| 003 | |||
| 040 | |||
| 100 | |a Romero, Ramón | ||
| 245 | |a Identidad nacional, soberanía y territorio nacional / |c Ramón Romero | ||
| 650 | |a PLANIFICACION REGIONAL | ||
| 650 | |a IDENTIDAD CULTURAL | ||
| 650 | |a SOBERANIA | ||
| 650 | |a Desarrollo HUMANO | ||
| 650 | |a ADMINISTRACION DE TIERRAS | ||
| 773 | |g número 52; páginas 193-201 | ||
| 999 | |c 32746 |d 32746 | ||
